Labirynt - Wydostań się z niego! - Statystyki

Ogólne statystyki
  • Ten quiz został rozwiązany 405 razy
  • Średni wynik to 34 z 35
Odpowiedzi na mapie
Odpowiedzi zakodowano w zielono-czerwonej skali na mapie do tego quizu, zgodnie z poniższymi procentami.
 
Statystyki odpowiedzi
Klawisz % Poprawnych
S
100%
D
98%
D
98%
S
98%
A
97%
A
97%
A
97%
A
97%
A
97%
A
97%
A
97%
A
97%
A
97%
D
97%
D
97%
D
97%
D
97%
D
97%
S
97%
S
97%
S
97%
S
97%
S
97%
S
97%
S
97%
S
97%
S
97%
W
97%
W
97%
W
97%
W
97%
W
97%
W
97%
W
97%
A
96%
Nie znaleziono quizów pasujących do podanych kryteriów
Rozkład punktacji
Procent ludzi z każdym wynikiem
Percentyl według liczby udzielonych odpowiedzi
Twoja historia wyników
Nie rozwiązałeś tego quizu